Présidents de la Vème République en moins de 30 secondes - Statistiques

Statistiques générales
  • Ce quiz a été pris 208 fois
  • Le résultat moyen est 5 sur 8
Statistiques - réponses
Hint Réponse % Correct
2017- Emmanuel Macron
99%
2012-2017 François Hollande
91%
2007-2012 Nicolas Sarkozy
81%
1995-2007 Jacques Chirac
70%
1981-1995 François Mitterand
46%
1974-1981 Valéry Giscard d'Estaing
35%
1969-1974 Georges Pompidou
27%
1959-1969 Charles de Gaulle
18%
Aucun quiz correspondant
Distribution des résultats
% des personnes avec chaque résultat
Percentile par nombre de réponses
Votre historique - résultats
Vous n’avez pas pris ce quiz